000 00331nam a2200121Ia 4500
008 191201s2019 xx 000 0 und d
100 _aGUPTA, GD AND SHARM,Shailesh
245 0 _aPractical manual of Pharmaceutics I
260 _bNirarli
_aNew Delhi
_c2019
300 _a68
650 _aPharmaceutical Dosage forms
942 _2ddc
_cBK
999 _c8310
_d8310